| 000 | 00893nam a22002297a 4500 | ||
|---|---|---|---|
| 999 |
_c6261 _d6261 |
||
| 003 | AR-CdUCM | ||
| 008 | 190314b ||||| |||| 00| 0 spa d | ||
| 040 |
_aMUNICIPALIDAD PROVINCIAL DEL CUSCO _cBIBLIOTECA MUNICIPAL DEL CUSCO |
||
| 082 |
_a869.944 / _bC36 |
||
| 100 |
_aCea, José Roberto _918005 |
||
| 245 | _aMester de picardía / | ||
| 260 |
_aBuenos Aires : _bEdiciones Bermejo, _c1977. |
||
| 300 |
_a73 páginas ; _bIlustraciones, _c19 cm. |
||
| 440 |
_aColección la Payana _918006 |
||
| 500 | _aDonación familia Nieto | ||
| 505 | _aContenido: Puerta de golpe -- Homenaje a tu cuerpo -- Recordando las primeras de cambio o el noviazgo -- Mientras hacemos el amor -- Cuando todo es vació o de rutina -- Las muchachas de los otros países... | ||
| 650 |
_aPoesía argentina _91657 |
||
| 650 |
_aÉxtasis _918007 |
||
| 650 |
_aArgentina _9511 |
||
| 942 |
_2ddc _cLIBROS |
||
| 945 | _adavv | ||